Pays se terminant par "ie" - Mort subite - Statistiques

Statistiques générales
  • Ce quiz a été pris 119 fois
  • Le résultat moyen est 11 sur 20
Answers on the Grid
Answers color-coded by a green-red scale on the quiz's grid according to % correct below.
 
Statistiques - réponses
Réponse % Correct
Turquie
82%
Italie
74%
Australie
70%
Tunisie
70%
Géorgie
70%
Arménie
65%
Slovénie
65%
Colombie
61%
Malaisie
56%
Biélorussie
56%
Lituanie
48%
Mauritanie
47%
Micronésie
45%
Sainte-Lucie
44%
Éthiopie
43%
Namibie
42%
Birmanie
38%
Syrie
36%
Gambie
35%
Bolivie
31%
Aucun quiz correspondant
Distribution des résultats
% des personnes avec chaque résultat
Percentile par nombre de réponses
Votre historique - résultats
Vous n’avez pas pris ce quiz